[Event "Tourn. n8553"]
[Site "www.chess-mail.com"]
[Date "2016.01.30"]
[Round "1"]
[White "Goofy"]
[Black "Naujzaid"]
[WhiteElo "2260"]
[BlackElo "2030"]
[Result "1-0"]
[Round "1"]
1.e4 c5
2.Ng1f3 d6
3.d4 cxd4
4.Nf3xd4 Ng8f6
5.Nb1c3 e6
6.g4 h6
7.h3 Nb8c6
8.Bc1e3 a6
9.f4 Qd8c7
10.Bf1g2 Bf8e7
11.Qd1e2 Bc8d7
12.O-O-O Nc6xd4
13.Be3xd4 Bd7c6
14.h4 e5
15.Bd4e3 exf4
{ time. }
1-0

[Event "Tourn. n8567"]
[Site "www.chess-mail.com"]
[Date "2016.01.30"]
[Round "1"]
[White "Odin"]
[Black "Mitja"]
[WhiteElo "1860"]
[BlackElo "1910"]
[Result "0-1"]
[Round "1"]
1.d4 d5
2.c4 dxc4
3.Qd1a4 c6
4.Nb1c3 e6
5.Qa4xc4 h6
6.Ng1f3 Nb8d7
7.e4 Nd7b6
8.Qc4b3 Ng8f6
9.Bf1d3 Bf8e7
10.h3 O-O
11.O-O Rf8e8
12.e5 Nf6d5
13.Nc3e4 Nb6d7
14.Qb3c2 Nd7f8
15.Ne4g3 Nd5b4
16.Qc2e2 Nb4xd3
17.Qe2xd3 b6
18.Bc1xh6 gxh6
19.Ng3h5 Nf8h7
20.Nf3h2 Kh8
21.Ra1c1 Bc8b7
22.Nh2g4 c5
23.Ng4xh6 Re8f8
24.Qd3g3 Be7g5
25.Nh6g4 Bg5xc1
26.Ng4f6 Bc1h6
27.Qg3d3 Nh7g5
28.h4 Bb7e4
29.Qd3g3 Rf8g8
30.hxg5 Rg8xg5
31.Nf6xe4 Rg5xg3
32.Nh5xg3 Qd8xd4
33.Rf1e1 Bh6g7
34.Ne4f6 Bg7xf6
35.exf6 Qd4xf6
36.b3 Ra8d8
37.f3 Qf6d4
38.Kf1 Qd4h4
39.Kf2 Kg8
40.a4 Rd8d2
{ resign }
0-1

[Event "Tourn. n8572"]
[Site "www.chess-mail.com"]
[Date "2016.01.30"]
[Round "1"]
[White "Chesspower"]
[Black "Bojan"]
[WhiteElo "1820"]
[BlackElo "2060"]
[Result "0-1"]
[Round "1"]
1.e4 e5
2.Ng1f3 d6
3.d4 exd4
4.Qd1xd4 Nb8c6
5.Bf1b5 Bc8d7
6.Bb5xc6 Bd7xc6
7.c4 Ng8e7
8.Nb1c3 Ne7g6
9.O-O f6
10.Rf1e1 Bf8e7
11.Nc3d5 Ng6e5
12.Nf3xe5 fxe5
 { time }
0-1

[Event "Tourn. n8556"]
[Site "www.chess-mail.com"]
[Date "2016.01.30"]
[Round "1"]
[White "Heiserman"]
[Black "Faerieking"]
[WhiteElo "2170"]
[BlackElo "2280"]
[Result "1-0"]
[Round "1"]
1.Ng1f3 Ng8f6
2.g3 b6
3.Bf1g2 Bc8b7
4.O-O e6
5.d4 d5
6.Bc1g5 Bf8e7
7.Nb1d2 O-O
8.c4 dxc4
9.Nd2xc4 Nb8d7
10.Ra1c1 h6
11.Bg5f4 Ra8c8
12.Rf1e1 Be7b4
13.Bf4d2 Qd8e7
14.a3 Bb4xd2
15.Qd1xd2 Rf8d8
16.b4 c5
17.Qd2b2 cxd4
18.Nf3xd4 Bb7xg2
19.Kxg2 Nf6e4
20.Nc4e3 Qe7f6
21.f3 Ne4d6
22.Ne3g4 Qf6g6
23.Nd4c6 Rd8e8
24.Nc6xa7 { resign }
1-0

[Event "Tourn. n8567"]
[Site "www.chess-mail.com"]
[Date "2016.01.30"]
[Round "1"]
[White "Odin"]
[Black "Genius5"]
[WhiteElo "1860"]
[BlackElo "1820"]
[Result "1-0"]
[Round "1"]
1.d4 d5
2.e3 Ng8f6
3.Nb1c3 g6
4.Ng1f3 Bf8g7
5.Bf1b5 c6
6.Bb5a4 O-O
7.O-O Bc8g4
8.h3 Bg4xf3
9.Qd1xf3 Nb8d7
10.Rf1e1 e5
11.Qf3e2 exd4
12.Nc3d1 Rf8e8
13.Qe2f3  { time }
1-0

[Event "Tourn. n8533"]
[Site "www.chess-mail.com"]
[Date "2016.01.30"]
[Round "1"]
[White "Crull"]
[Black "Billyg"]
[WhiteElo "1600"]
[BlackElo "1690"]
[Result "1-0"]
[Round "1"]
1.d4 d6
2.e4 d5
3.Nb1c3 dxe4
4.Bc1e3 Ng8f6
5.Bf1b5 c6
6.Bb5c4 Bc8g4
7.Bc4e2 Bg4xe2
8.Ng1xe2 Nf6d5
9.O-O Nd5xc3
10.Ne2xc3 e6
11.Nc3xe4 f5
12.Ne4g5 Qd8f6
13.Rf1e1 h6
14.Qd1h5 Ke7
15.c3 g6
16.Qh5h4 Bf8g7
17.Qh4g3 Kd7
18.Ng5f3 Bg7f8
19.Nf3e5 Ke7
20.Ne5xg6 Ke8
21.Ng6xh8 Qf6xh8
22.Qg3g6 Kd7
23.Qg6f7 Bf8e7
24.Be3f4 Qh8f6
25.Qf7g8 Be7f8
26.Qg8g3 Nb8a6
27.Re1e2 c5
28.Bf4e5 Qf6f7
29.Re2d2 Kc6
30.Qg3f3 Kd7
31.dxc5 Ke8
32.c6 Na6c5
33.c7 Ra8c8
34.Ra1d1 Bf8e7
35.b4 Rc8d8
36.Rd2xd8 Be7xd8
37.cxd8Q 
1-0

[Event "Tourn. n8502"]
[Site "www.chess-mail.com"]
[Date "2016.01.30"]
[Round "1"]
[White "Bevittsmith"]
[Black "Lino"]
[WhiteElo "2270"]
[BlackElo "2290"]
[Result "1-0"]
[Round "1"]
1.e4 c5
2.Ng1f3 Nb8c6
3.d4 cxd4
4.Nf3xd4 Ng8f6
5.Nb1c3 e5
6.Nd4b5 d6
7.Nc3d5 Nf6xd5
8.exd5 Nc6b8
9.c4 Bf8e7
10.Bf1e2 O-O
11.O-O a6
12.Nb5c3 f5
13.f4 Nb8d7
14.Qd1c2 Be7f6
15.Bc1e3 e4
16.b4 b6
17.Ra1c1 a5
18.a3 Bc8a6
19.bxa5 Ra8c8
20.axb6  { time }
1-0

[Event "Tourn. n8453"]
[Site "www.chess-mail.com"]
[Date "2016.01.30"]
[Round "1"]
[White "Cardiff"]
[Black "Naujzaid"]
[WhiteElo "1840"]
[BlackElo "1910"]
[Result "1-0"]
[Round "1"]
1.e4 c5
2.Ng1f3 d6
3.d4 cxd4
4.Nf3xd4 Ng8f6
5.Nb1c3 e6
6.g3 Bf8e7
7.Bf1g2 O-O
8.O-O a6
9.a4 Qd8c7
10.h3 Nb8c6
11.Bc1e3 Nc6xd4
12.Be3xd4 Rf8d8
13.Qd1e2 Bc8d7
14.a5 Rd8e8
15.Bd4b6 Qc7c8
16.Rf1d1 Bd7c6
17.g4 Nf6d7
18.Bb6e3 Qc8c7
19.f4 b6
20.axb6 Nd7xb6
21.Ra1xa6 Ra8xa6
22.Qe2xa6 Nb6d7
23.Qa6c4 Nd7b6
24.Qc4e2 Re8a8
25.f5 Be7f6
26.Be3f4 e5
27.Bf4g3 Nb6a4
28.Nc3xa4 Ra8xa4
29.b3 Ra4a2
30.Qe2d2  { time }
1-0

[Event "Tourn. n8467"]
[Site "www.chess-mail.com"]
[Date "2016.01.30"]
[Round "1"]
[White "Roque1"]
[Black "Pablincho"]
[WhiteElo "1640"]
[BlackElo "1900"]
[Result "1-0"]
[Round "1"]
1.e4 e6
2.Ng1f3 d6
3.d4 Bf8e7
4.Bf1c4 Ng8f6
5.Nb1c3 c6
6.O-O O-O
7.Bc1f4 Nb8d7
8.Qd1d3 b5
9.Bc4b3 a5
10.a4 b4
11.Nc3e2 d5
12.e5 Nf6e4
13.Ne2g3 f5
14.Ra1c1 c5
15.c3 c4
16.Bb3xc4 dxc4
17.Qd3xc4 bxc3
18.Qc4xe6 Kh8
19.bxc3 Nd7f6
20.Qe6a2 Nf6g4
21.e6 Bc8a6
22.c4 Qd8b6
23.d5 h6
24.Nf3h4 Be7xh4
25.c5 Qb6b4
26.Rf1e1 Ng4xf2
27.Ng3xe4 Nf2xe4
28.g3 Bh4f6
29.c6 Bf6g5
30.Bf4xg5 hxg5
31.Re1e3 g4
32.c7 Ne4d6
33.e7 Rf8e8
34.Re3e6 Ba6b7
35.Kf1 Ra8c8
36.Qa2a1 Kh7
37.Qa1c3 Qb4xc3
38.Rc1xc3 Nd6e4
39.Re6xe4 fxe4
40.d6 Kg6
41.d7 { resign }
1-0

[Event "Tourn. n8587"]
[Site "www.chess-mail.com"]
[Date "2016.01.30"]
[Round "1"]
[White "Sonny1000"]
[Black "Woody"]
[WhiteElo "1519"]
[BlackElo "1499"]
[Result "1-0"]
[Round "1"]
1.e4 c5
2.Ng1f3 Nb8c6
3.Bf1b5 g6
4.b3 Bf8g7
5.c4 Bg7xa1
6.Nb1c3 Ng8f6
7.Nc3d5 e6
8.Nd5xf6 Qd8xf6
9.d4 cxd4
10.Qd1d3 Ba1c3
11.Bc1d2 Bc3xd2
12.Qd3xd2 O-O
13.Nf3g5 a6
14.Qd2d3 axb5
15.Qd3g3 Ra8xa2
16.Rh1f1 Nc6e5
17.Qg3h4 Ra2a1
18.Ke2 d3
19.Kd2 Ra1xf1
20.Qh4xh7 { resign }
1-0

[Event "Tourn. n8458"]
[Site "www.chess-mail.com"]
[Date "2016.01.30"]
[Round "1"]
[White "Ditto"]
[Black "Genius7"]
[WhiteElo "1810"]
[BlackElo "1770"]
[Result "0-1"]
[Round "1"]
1.e4 c5
2.Bf1c4 e6
3.Ng1f3 Nb8c6
4.Nb1c3 d6
5.d3 a6
6.O-O Ng8f6
7.Bc1g5 Bf8e7
8.Rf1e1 b5
9.Bc4b3 Bc8b7
10.Nc3b1 O-O
11.c3 Qd8c7
12.Nb1d2 a5
13.Bg5f4 e5
14.Bf4g3 a4
15.Bb3c2 Rf8e8
16.b3 axb3
17.Bc2xb3 h6
18.Nf3h4 Be7f8
19.Nh4f5 Nc6a5
20.Bb3c2 g6
21.Nf5e3 Bf8g7
22.Ra1b1 Bb7a6
23.Nd2f3 Ra8b8
24.Nf3h4 Nf6h5
25.Ne3d5 Qc7d7
26.Nh4f3 Nh5xg3
27.fxg3 c4
28.Re1f1 Re8c8
29.Qd1e1 cxd3
30.Bc2xd3 Na5c4
31.Kh1 Rc8e8
32.Nd5b4 Ba6b7
33.Qe1e2 Re8c8
34.Bd3xc4 Rc8xc4
35.Rb1c1 Bb7xe4
36.Nf3d2 Be4d5
37.Nb4xd5 f5
38.Nd2f3 Rc4e4
39.Qe2d2 Re4c4
40.Qd2e2 Rc4e4
 { time }
0-1

[Event "Tourn. n8502"]
[Site "www.chess-mail.com"]
[Date "2016.01.30"]
[Round "1"]
[White "Lino"]
[Black "Squimichele"]
[WhiteElo "2250"]
[BlackElo "2490"]
[Result "0-1"]
[Round "1"]
1.e4 c6
2.d4 d5
3.e5 Bc8f5
4.Ng1f3 e6
5.Bf1e2 Nb8d7
6.O-O Ng8e7
7.Nb1d2 h6
8.Nd2b3 Ne7c8
9.a4 Bf8e7
10.a5 a6
11.Bc1e3 Nc8a7
12.Nf3e1 Qd8c7
13.Be2d3 Bf5xd3
14.Ne1xd3 Na7b5
15.Qd1g4 g6
16.Rf1c1 O-O-O
17.c4 dxc4
18.Rc1xc4 Kb8
19.Qg4f3 Rd8f8
20.Be3d2 g5
21.Bd2b4 Qc7d8
22.Ra1c1 h5
23.Rc4xc6 bxc6
 { time }
0-1

[Event "Match"]
[Site "www.echecsemail.com"]
[Date "2016.01.30"]
[Round "1"]
[White "Duff"]
[Black "Jjmcbride"]
[WhiteElo "1740"]
[BlackElo "1590"]
[Result "0-1"]
[Round "1"]
1.e4 e5
2.Ng1f3 Bf8d6
3.Nb1c3 c6
4.d3 Ng8f6
5.Bc1g5 b5
6.d4 Qd8e7
7.d5 O-O
8.dxc6 dxc6
9.Qd1d2 b4
10.Nc3e2 c5
11.O-O-O a5
12.Qd2xd6 Qe7xd6
13.Rd1xd6 Nf6xe4
14.Rd6d1 Ne4xf2
15.Ne2g3 Nf2xd1
16.Kxd1 f6
17.Bg5e3 Rf8d8
18.Kc1 Bc8e6
19.Be3xc5 Be6xa2
20.Bf1b5 Rd8d5
21.Bb5a4 Rd5xc5
22.b3 Nb8c6
23.Kb2 Ba2xb3
24.Ba4xb3 Kf8
25.Ng3e4 Rc5b5
26.Bb3a4 Rb5b6
27.Ne4c5 Ke7
28.Rh1d1 Ra8d8
29.Rd1xd8 Nc6xd8
30.Nf3d2 Rb6d6
31.Nd2c4 Rd6d5
32.Nc5b3 e4
33.Nc4xa5 e3
34.Nb3c1 Rd5xa5
35.Kb3 Nd8e6
{ resign }
0-1

[Event "Match"]
[Site "www.echecsemail.com"]
[Date "2016.01.30"]
[Round "1"]
[White "Trucker44"]
[Black "Nugun"]
[WhiteElo "1499"]
[BlackElo "1610"]
[Result "0-1"]
[Round "1"]
1.e4 c6
2.d4 d5
3.f3 Bc8e6
4.h4 Ng8f6
5.b4 g6
6.Bc1g5 dxe4
7.Nb1c3 Nb8d7
8.fxe4 Bf8g7
9.Ng1f3 O-O
10.e5 Nf6d5
11.Qd1d2 f5
12.a4 h6
13.b5 c5
 { time }
0-1

[Event "Match"]
[Site "www.echecsemail.com"]
[Date "2016.01.30"]
[Round "1"]
[White "Ostapbender"]
[Black "Goofy"]
[WhiteElo "2800"]
[BlackElo "2260"]
[Result "1-0"]
[Round "1"]
1.d4 e6
2.c4 f5
3.Nb1c3 Ng8f6
4.g3 Bf8e7
5.Bf1g2 O-O
6.Ng1f3 d6
7.O-O Nf6e4
8.Qd1d3 Ne4xc3
9.bxc3 Nb8c6
10.e4 e5
11.Rf1e1 f4
12.dxe5 dxe5
13.Qd3d5 Kh8
14.Nf3xe5 Qd8xd5
15.exd5 Nc6xe5
16.Re1xe5 Be7f6
17.Bc1xf4 Bf6xe5
18.Bf4xe5 Rf8f7
19.c5 Bc8f5
20.f4 Ra8d8
21.a4 Rf7d7
22.c4 c6
23.a5 cxd5
24.a6 { resign }
1-0

[Event "Match"]
[Site "www.echecsemail.com"]
[Date "2016.01.30"]
[Round "1"]
[White "Ericleo1980"]
[Black "Goosebumps"]
[WhiteElo "2310"]
[BlackElo "2090"]
[Result "1-0"]
[Round "1"]
1.e4 d5
2.exd5 Qd8xd5
3.Nb1c3 Qd5a5
4.d4 c6
5.Bc1f4 Bc8f5
6.Bf1d3 Bf5xd3
7.Qd1xd3 Ng8f6
8.Ng1f3 e6
9.O-O Bf8e7
10.Nc3e4 Nb8d7
11.Ne4d6 Be7xd6
12.Bf4xd6 Qa5d5
13.Bd6a3 O-O-O
14.c4 Qd5a5
15.b4 Qa5c7
16.Rf1e1 e5
17.dxe5 Nf6g4
18.Qd3f5 Ng4h6
19.Qf5h3 Rd8e8
20.Ba3b2 Kb8
21.a4 Nd7b6
22.Re1c1 Qc7e7
23.a5 Nb6c8
24.c5 Qe7e6
25.Qh3g3 Rh8g8
26.Nf3d4 Qe6d5
27.b5 cxb5
28.e6 Ka8
29.Nd4xb5  { time }
1-0

[Event "Match"]
[Site "www.echecsemail.com"]
[Date "2016.01.30"]
[Round "1"]
[White "Mrmoto"]
[Black "Biggles"]
[WhiteElo "1540"]
[BlackElo "1499"]
[Result "0-1"]
[Round "1"]
1.e4 e6
2.d4 d5
3.Nb1d2 c5
4.Ng1f3 Nb8c6
5.e5 Qd8b6
6.b3 cxd4
7.Bf1d3 Bf8c5
8.O-O Bc8d7
9.Bc1b2 f6
10.c4 fxe5
11.Bd3c2 Ng8f6
12.Rf1e1 e4
13.Nd2xe4 dxe4
14.Nf3g5 O-O-O
15.Ng5f7 d3
16.Bc2xd3 exd3
17.Qd1xd3 Bc5xf2
18.Kh1 Bf2xe1
19.c5 Qb6xc5
20.Ra1xe1 Qc5f2
21.Nf7d6 Kb8
22.Re1g1 Qf2xb2
{ resign }
0-1

[Event "Match"]
[Site "www.echecsemail.com"]
[Date "2016.01.30"]
[Round "1"]
[White "Darknight"]
[Black "Trucker44"]
[WhiteElo "1610"]
[BlackElo "1659"]
[Result "1-0"]
[Round "1"]
1.e4 d6
2.Bf1c4 Bc8e6
3.Bc4xe6 fxe6
4.e5 dxe5
5.Qd1h5 Kd7
6.Qh5xe5 Nb8c6
7.Qe5b5 a6
8.Qb5d3 Ke8
9.Qd3b3  { time }
1-0

[Event "Match"]
[Site "www.echecsemail.com"]
[Date "2016.01.30"]
[Round "1"]
[White "Rindrandria"]
[Black "Ranjachess"]
[WhiteElo "1590"]
[BlackElo "1700"]
[Result "1-0"]
[Round "1"]
1.e4 e5
2.Ng1f3 Nb8c6
3.h4 d5
4.exd5 Qd8xd5
5.b3 Bc8g4
6.Bf1c4 Qd5e4
7.Kf1 Nc6d4
8.Rh1g1 Nd4xf3
9.gxf3 Bg4xf3
10.Qd1e1 f6
11.d3 Qe4xh4
12.Bc4e6 Ng8e7
13.Nb1d2 Qh4d4
14.Bc1a3 Qd4b6
15.Be6h3 Qb6c6
16.Qe1e3 Bf3h5
17.Ba3xe7 Bf8xe7
18.Rg1xg7 Bh5g6
19.Nd2c4 Qc6h1
20.Ke2 Qh1xa1
21.a4 Kf8
22.Rg7xe7 Kxe7
23.Qe3c5 Kd8
24.Qc5d5 Ke8
25.Qd5xb7 Ra8d8
26.Qb7c6 Kf8
27.Qc6xf6 Kg8
28.Bh3e6 Bg6f7
29.Qf6xf7 
1-0

[Event "1/64 Finale"]
[Site "www.chess-mail.com"]
[Date "2016.01.30"]
[Round "1"]
[White "Duff"]
[Black "Vogue"]
[WhiteElo "1750"]
[BlackElo "2440"]
[Result "0-1"]
[Round "1"]
1.e4 c6
2.Ng1f3 d5
3.exd5 cxd5
4.d4 Nb8c6
5.Nb1c3 Bc8g4
6.Bf1e2 e6
7.O-O Ng8f6
8.h3 Bg4h5
9.Rf1e1 a6
10.Bc1g5 Bf8d6
11.Nf3e5 Bh5xe2
12.Re1xe2 O-O
13.Re2e1 h6
14.Bg5xf6 Qd8xf6
15.Ne5d7 Qf6xd4
16.Qd1xd4 Nc6xd4
17.Ra1c1 Rf8d8
18.Nd7b6 Ra8b8
19.Nc3e2 Nd4xe2
20.Re1xe2 Bd6f4
21.Rc1d1 Rd8d6
22.Nb6a4 Rd6c6
23.Na4c3 Rb8c8
24.g3 Bf4g5
25.Rd1d3 Bg5f6
{ resign }
0-1

[Event "Eq:Royal chess-Los Tercios : "]
[Site "www.chess-mail.com"]
[Date "2016.01.30"]
[Round "1"]
[White "Shihchuliao"]
[Black "Osmundw"]
[WhiteElo "2070"]
[BlackElo "1400"]
[Result "1-0"]
[Round "1"]
1.e4 Ng8f6
2.e5 Nf6d5
3.d4 e6
4.Ng1f3 Bf8b4
5.c3 Bb4a5
6.b4 Ba5xb4
7.cxb4 Nd5xb4
8.a3 Nb4d5
9.Bf1c4 Nd5f4
10.Bc1xf4 Nb8c6
11.Nb1c3 f5
12.Bf4g5 Nc6e7
13.Nf3h4 b6
14.g4 Ne7c6
15.Bg5xd8 Kxd8
16.gxf5 exf5
17.Nh4xf5 Nc6xd4
18.Qd1xd4 d6
19.exd6 cxd6
20.Qd4xd6 Bc8d7
21.Ra1d1 Ra8c8
22.Qd6xd7 { resign }
1-0

[Event "Eq:Royal chess-Los Tercios : "]
[Site "www.chess-mail.com"]
[Date "2016.01.30"]
[Round "1"]
[White "Azorau"]
[Black "Cal"]
[WhiteElo "1890"]
[BlackElo "1339"]
[Result "0-1"]
[Round "1"]
1.e4 e5
2.Bf1c4 Ng8f6
3.Nb1c3 Bf8b4
4.Qd1f3 h6
5.Nc3d5 c6
6.Nd5xf6 gxf6
7.Qf3h5 d5
8.exd5 cxd5
9.Bc4b5 Bc8d7
10.Bb5e2 Qd8e7
11.c3 Bb4c5
12.Ng1f3 Nb8c6
13.b4 Bc5b6
14.O-O a6
15.a4 O-O-O
16.b5 Nc6a5
17.bxa6 Bd7c6
18.Bc1a3 Qe7e8
19.Ba3b4 Na5b3
20.Ra1b1 Bc6xa4
21.Qh5h4 Qe8e6
22.Be2d1 d4
23.Nf3e1 d3
24.Bd1g4 f5
25.axb7 Kxb7
26.Bg4f3 e4
27.Bf3d1 Nb3xd2
28.Bd1xa4 Nd2xb1
29.Qh4h5 Nb1d2
30.Ne1xd3 Rd8xd3
31.Ba4b5 Nd2xf1
32.Bb5xd3 exd3
33.Qh5f3 Ka7
34.Kxf1 d2
35.Qf3d1 Rh8d8
36.Qd1a1 Kb7
37.Qa1d1 Qe6c4
38.Kg1 Kc7
39.g3 Qc4g4
{ resign }
0-1

[Event "Eq:Equipo Juan Diaz-Slap Shot Mates : "]
[Site "www.chess-mail.com"]
[Date "2016.01.30"]
[Round "1"]
[White "Naujzaid"]
[Black "Leswamp"]
[WhiteElo "2010"]
[BlackElo "2290"]
[Result "0-1"]
[Round "1"]
1.d4 Ng8f6
2.c4 e6
3.Nb1c3 Bf8b4
4.Qd1c2 O-O
5.a3 Bb4xc3
6.Qc2xc3 d6
7.Bc1g5 Nb8d7
8.Ng1f3 b6
9.e3 Bc8b7
10.Bf1e2 h6
11.Bg5xf6 Qd8xf6
12.O-O Rf8e8
13.b4 e5
14.d5 Qf6e7
15.Rf1c1 f5
16.Nf3d2 Qe7g5
17.Nd2b3 Nd7f6
 { time }
0-1

[Event "Eq:chibcha-Royal chess : "]
[Site "www.chess-mail.com"]
[Date "2016.01.30"]
[Round "1"]
[White "Cal"]
[Black "Estonia"]
[WhiteElo "1570"]
[BlackElo "1980"]
[Result "0-1"]
[Round "1"]
1.d4 Ng8f6
2.Nb1c3 e6
3.e4 Bf8b4
4.Bc1d2 O-O
5.Bf1d3 d5
6.e5 Bb4xc3
7.Bd2xc3 Nf6e4
8.Bd3xe4 dxe4
9.Ng1e2 b6
10.h3 Bc8b7
11.O-O f5
12.a3 Qd8g5
13.g3 e3
14.f4 Qg5h6
15.h4 Qh6g6
16.Qd1d3 Qg6g4
17.Qd3xe3 Nb8d7
18.b4 Bb7a6
19.Bc3e1 Ba6xe2
20.Rf1f2 Be2c4
21.Kh2 Bc4d5
22.Ra1c1 Rf8c8
23.c4 Bd5e4
24.b5 c5
25.dxc5 Nd7xc5
26.Be1b4 Nc5d3
27.Bb4d2 Nd3xc1
28.Bd2xc1 Qg4d1
29.Kh3 Qd1h1
30.Rf2h2 Be4g2
{ resign }
0-1

[Event "Tourn. n8496"]
[Site "www.chess-mail.com"]
[Date "2016.01.31"]
[Round "1"]
[White "Piekki"]
[Black "Traub"]
[WhiteElo "1770"]
[BlackElo "1670"]
[Result "1-0"]
[Round "1"]
1.e4 e5
2.Ng1f3 Nb8c6
3.Bf1b5 a6
4.Bb5a4 Ng8f6
5.O-O b5
6.Ba4b3 Bf8e7
7.Rf1e1 Bc8b7
8.d4 exd4
9.e5 Nf6g4
10.Nf3xd4 Ng4xe5
11.Bb3d5 O-O
12.Nd4f5 d6
13.Nf5xe7 Qd8xe7
14.f4 Ra8d8
15.fxe5 dxe5
16.Qd1f3 Nc6b4
17.Bd5xb7 Nb4xc2
18.Re1f1 Nc2xa1
19.Bb7e4 Qe7d7
20.Nb1c3 b4
21.Be4f5 Qd7d4
22.Bc1e3 Qd4c4
23.Nc3e4  { time }
1-0

[Event "Tourn. n8596"]
[Site "www.chess-mail.com"]
[Date "2016.01.31"]
[Round "1"]
[White "Starwind"]
[Black "Cathar"]
[WhiteElo "2330"]
[BlackElo "2280"]
[Result "1-0"]
[Round "1"]
1.d4 Ng8f6
2.c4 e6
3.Ng1f3 b6
4.g3 Bc8a6
5.b3 b5
6.cxb5 Ba6xb5
7.Bf1g2 Bf8b4
8.Bc1d2 a5
9.O-O O-O
10.a3 Bb4xd2
11.Qd1xd2 Bb5c6
12.Nb1c3 Qd8c8
13.Rf1e1 Qc8b7
14.e4 Ra8a6
15.Nf3e5 Ra6b6
16.Ne5c4 { resign }
1-0

[Event "Tourn. n8557"]
[Site "www.chess-mail.com"]
[Date "2016.01.31"]
[Round "1"]
[White "Tonino1"]
[Black "Marbachess"]
[WhiteElo "2030"]
[BlackElo "2200"]
[Result "0-1"]
[Round "1"]
1.d4 f5
2.Ng1f3 Ng8f6
3.e3 e6
4.Bf1d3 Bf8e7
5.b3 c5
6.Bc1b2 cxd4
7.exd4 d5
8.Nb1d2 Nb8c6
9.O-O O-O
10.Nf3e5 Nc6xe5
11.dxe5 Nf6e4
12.Qd1e2 Bc8d7
13.c4 Qd8b6
14.Ra1b1 Bd7c6
15.Kh1 Be7b4
16.Nd2xe4 dxe4
17.Bd3c2 Rf8d8
18.a3 Rd8d2
19.Qe2h5 Bb4e7
20.Rb1c1 Ra8d8
21.Bb2c3 Rd2xf2
22.g4 e3
23.Kg1 Rf2g2
{ resign }
0-1

[Event "Tourn. n8516"]
[Site "www.chess-mail.com"]
[Date "2016.01.31"]
[Round "1"]
[White "Osopanda"]
[Black "Neo"]
[WhiteElo "1880"]
[BlackElo "1860"]
[Result "0-1"]
[Round "1"]
1.d4 d5
2.c4 c6
3.cxd5 Qd8xd5
4.Nb1c3 Qd5a5
5.e4 e6
6.Ng1f3 g6
7.Bf1d3 Bf8g7
8.O-O a6
9.Bc1e3 Ng8e7
10.Qd1b3 O-O
11.d5 cxd5
12.e5 Nb8c6
13.a3 Nc6xe5
14.Nf3xe5 Bg7xe5
15.Be3b6 Qa5xb6
16.Qb3xb6 Be5g7
17.Ra1c1 Ne7c6
18.b4 Bg7d4
19.Qb6c7 Bd4e5
20.Qc7xe5 Nc6xe5
21.Bd3e2 b5
22.Rf1d1 Ne5c4
23.a4 bxa4
24.Nc3xa4 Bc8d7
25.Na4c5 Bd7b5
26.Nc5b7 Ra8b8
27.Nb7c5 Rf8d8
28.h4 Nc4b2
29.Rd1d2 Nb2c4
30.Rd2a2 h5
31.Nc5xa6 Bb5xa6
32.Ra2xa6 Rb8xb4
33.g4 hxg4
34.Be2xg4 Nc4d2
35.Bg4e2 Rb4xh4
36.Rc1c7 Nd2e4
37.Be2d3 Rh4g4
38.Kf1 Rg4f4
39.Ke2 Rf4xf2
40.Ke3 Rf2h2
41.Bd3xe4 dxe4
42.Kxe4 Rh2h4
43.Ke3 Rh4h3
44.Kf4 Rd8d4
45.Ke5 Rd4d5
46.Kf6 Rh3f3
47.Ke7 g5
48.Ra6a8 Kg7
49.Rc7c1 g4
50.Rc1h1 g3
51.Rh1h8 Kg6
52.Ra8g8 Kf5
53.Rh8h5 Kf4
54.Rh5xd5 exd5
55.Kxf7 d4
56.Ke6 d3
57.Rg8f8 Ke4
58.Rf8d8 g2
59.Rd8g8 Rf3f2
60.Rg8g4 Ke3
61.Rg4g3 Ke2
{ resign }
0-1

[Event "Tourn. n8550"]
[Site "www.chess-mail.com"]
[Date "2016.01.31"]
[Round "1"]
[White "Gatrooper"]
[Black "Hansen"]
[WhiteElo "1640"]
[BlackElo "1530"]
[Result "1/2-1/2"]
[Round "1"]
1.e4 a6
2.d4 e6
3.e5 Nb8c6
4.Ng1f3 h6
5.h3 Ng8e7
6.a3 Ne7f5
7.Bf1d3 Nf5e7
8.Nb1c3 g5
9.Bd3c4 Ne7f5
10.g4 b5
11.Bc4a2 b4
12.axb4 Nc6xb4
13.Bc1d2 Nf5g7
14.Nc3e4 Nb4d5
15.Ba2xd5 exd5
16.O-O dxe4
17.Nf3h2 Ng7e6
18.f3 Ne6xd4
19.Bd2c3 Nd4b5
20.e6 fxe6
21.Bc3xh8 Bc8b7
22.fxe4 Bb7xe4
23.Qd1d2 Bf8c5
24.Rf1f2 d5
25.Kf1 Qd8d6
26.Bh8g7 Qd6g3
27.Rf2f6 Qg3g1
28.Ke2 Nb5d4
29.Qd2xd4 Bc5xd4
30.Ra1xg1 Bd4xg1
31.Rf6f8 Ke7
32.Rf8xa8 Bg1xh2
33.Ra8xa6 Be4xc2
34.Bg7xh6 Bh2f4
35.b4 d4
36.b5 d3
37.Kf3 d2
38.Ra6a1 Bf4e5
39.Bh6xg5 Kf7
40.Bg5xd2 Be5xa1
41.Bd2f4 e5
42.Bf4g5 Bc2d3
43.Bg5d8 Bd3xb5
44.Bd8xc7 Bb5c6
45.Ke2 e4
46.g5 Ba1d4
47.h4 Kg6
48.Bc7g3 Bc6b5
49.Kd2 e3
50.Ke1 e2
51.Kd2 Kh5
52.Bg3e1 Bd4b6
53.Be1g3 Bb6a5
54.Ke3 Ba5c3
55.Kf4 e1Q
56.Bg3xe1 Bc3xe1
57.Kf5 Be1xh4
58.g6 Bb5d3
59.Ke6 Bd3xg6
60.Ke5 Kg5
61.Kd4 Kf5
62.Kd5 Bh4f6
63.Kc4 Ke6
64.Kc5 Bg6f7
65.Kc4 Ke5
66.Kd3 Kf4
67.Ke2 Ke4
68.Kd2 Bf7c4
69.Kc2 Ke3
70.Kb1 Kd2

1/2-1/2

[Event "Tourn. n8510"]
[Site "www.chess-mail.com"]
[Date "2016.01.31"]
[Round "1"]
[White "Terrible"]
[Black "Norlavuaram"]
[WhiteElo "2290"]
[BlackElo "2220"]
[Result "1-0"]
[Round "1"]
1.d4 Ng8f6
2.Ng1f3 g6
3.c4 d5
4.Qd1b3 Bf8g7
5.Nb1c3 dxc4
6.Qb3xc4 O-O
7.e4 c6
8.e5 Nf6d5
9.Nc3xd5 Qd8xd5
10.Qc4xd5 cxd5
11.Bc1g5 Rf8e8
12.Ra1c1 Nb8c6
13.Bf1b5 Bc8d7
14.Bb5xc6 Bd7xc6
15.O-O e6
16.Rf1e1 Re8c8
17.Rc1c3 h6
18.Bg5e7 Bg7f8
19.Be7xf8 Kxf8
20.Re1c1 Bc6d7
21.Kf1 Ke7
22.Rc3c7 Kd8
23.Rc7xc8 Ra8xc8
24.Rc1xc8 Kxc8
25.Ke2 Kc7
26.Kd3 Bd7b5
27.Kc3 Bb5f1
28.g3 Bf1g2
29.Nf3d2 Kc6
30.h4 Bg2h3
31.f3 g5
32.hxg5 hxg5
33.g4 a6
34.Kd3 Kd7
35.Ke3 Ke7
36.Kf2 f6
37.Kg3 Bh3xg4
38.Kxg4 { resign }
1-0

[Event "Tourn. n8527"]
[Site "www.chess-mail.com"]
[Date "2016.01.31"]
[Round "1"]
[White "Norlavuaram"]
[Black "Xkafi"]
[WhiteElo "2150"]
[BlackElo "2000"]
[Result "0-1"]
[Round "1"]
1.e4 f5
2.exf5 d6
3.g4 a6
4.Bf1g2 c6
5.Ng1e2 e5
6.O-O Ng8f6
7.h3 h5
8.f3 hxg4
9.fxg4 Qd8b6
10.d4 Nb8d7
11.Kh1 Nf6xg4
12.Kg1 Ng4f6
13.c3 Bf8e7
14.Nb1d2 Nf6d5
15.Nd2f3 Nd7f6
16.c4 Nd5c7
17.Kh1 Bc8xf5
18.dxe5 O-O-O
19.exf6 gxf6
20.Ne2f4 Rd8g8
21.Qd1e2 Rh8h7
22.a3 Qb6b3
23.Bc1e3 Nc7e6
24.Nf4xe6 Bf5xe6
25.Ra1c1 Be6xh3
26.Bg2xh3 Rh7xh3
27.Nf3h2 Rh3xe3
28.Qe2h5 Qb3xb2
29.Qh5f5 Kc7
30.Qf5f2 Qb2xa3
31.Rc1e1 Rg8g3
32.Re1xe3 Rg3xe3
{ resign }
0-1

[Event "Tourn. n8601"]
[Site "www.chess-mail.com"]
[Date "2016.01.31"]
[Round "1"]
[White "Gatrooper"]
[Black "Nugun"]
[WhiteElo "1650"]
[BlackElo "1700"]
[Result "0-1"]
[Round "1"]
1.e4 c6
2.d4 d5
3.e5 c5
4.dxc5 Nb8c6
5.Ng1f3 e6
6.Nb1c3 Bf8xc5
7.Bc1e3 b6
8.Be3xc5 bxc5
9.Bf1b5 Ng8e7
10.Nf3g5 O-O
11.Qd1d3 Ne7g6
12.Bb5xc6 Ra8b8
13.Qd3h3 h6
14.Ng5f3 Bc8a6
15.O-O-O Qd8c7
16.Bc6a4 Ng6xe5
17.Nf3xe5 Qc7xe5
18.Rd1e1 Qe5d6
19.Re1e3 d4
20.Nc3e4 Qd6d5
21.Ba4b3 c4
22.Bb3a4 dxe3
23.fxe3 Qd5xe4
24.c3 Rf8d8
25.Ba4c2 Qe4d5
26.Rh1g1 Qd5d2
27.Kb1 Qd2xc3
28.b3 cxb3
29.axb3 Ba6d3
30.Rg1c1 Bd3xc2
31.Rc1xc2 Qc3xb3
32.Kc1 Qb3b1

0-1

[Event "Tourn. n8548"]
[Site "www.chess-mail.com"]
[Date "2016.01.31"]
[Round "1"]
[White "Chesspower"]
[Black "Louis"]
[WhiteElo "1720"]
[BlackElo "1920"]
[Result "0-1"]
[Round "1"]
1.d4 Ng8f6
2.c4 g6
3.Nb1c3 Bf8g7
4.e4 d6
5.f4 O-O
6.Ng1f3 c5
7.dxc5 Qd8a5
8.Bf1d3 Qa5xc5
9.Qd1e2 Nb8c6
10.Bc1e3 Qc5a5
11.O-O Bc8g4
12.h3 Bg4xf3
13.Qe2xf3 Nf6d7
14.Rf1c1 Nd7c5
15.Be3xc5 Qa5xc5
16.Kh1 Nc6d4
17.Nc3d5 Nd4xf3
18.gxf3 Bg7xb2
{ resign }
0-1

[Event "Tourn. n8555"]
[Site "www.chess-mail.com"]
[Date "2016.01.31"]
[Round "1"]
[White "Terrible"]
[Black "Cathar"]
[WhiteElo "2280"]
[BlackElo "2250"]
[Result "1-0"]
[Round "1"]
1.d4 Ng8f6
2.c4 e6
3.Ng1f3 b6
4.g3 Bc8a6
5.b3 Ba6b7
6.Bf1g2 Bf8b4
7.Bc1d2 a5
8.O-O O-O
9.a3 Bb4xd2
10.Nb1xd2 d6
11.Qd1c2 Nb8d7
12.e4 e5
13.d5 c6
14.b4 cxd5
15.cxd5 Bb7a6
16.Rf1c1 Ra8c8
17.Qc2b2 axb4
18.axb4 Ba6b5
19.Ra1a7 Rc8xc1
20.Qb2xc1 Qd8b8
21.Ra7a3 Rf8c8
22.Ra3c3 Rc8xc3
23.Qc1xc3 Nf6e8
24.Bg2f1 Bb5xf1
25.Kxf1 Qb8c7
26.Qc3xc7 Ne8xc7
27.Nd2c4 Nc7e8
28.Nf3g1 Kf8
29.Ng1e2 Ke7
30.Ne2c3 h6
31.Ke2 g6
32.Nc3b5 h5
33.f3 f5
34.Ke3 fxe4
35.fxe4 g5
36.h3 g4
37.h4 { resign }
1-0

[Event "Tourn. n8525"]
[Site "www.chess-mail.com"]
[Date "2016.01.31"]
[Round "1"]
[White "Dimos40"]
[Black "Genius7"]
[WhiteElo "2159"]
[BlackElo "2100"]
[Result "1-0"]
[Round "1"]
1.e4 g6
2.d4 Bf8g7
3.Nb1c3 d6
4.Bc1e3 Ng8f6
5.f3 c6
6.Qd1d2 h6
7.O-O-O Qd8a5
8.Kb1 Bc8e6
9.Ng1e2 a6
10.Ne2f4 Be6d7
11.g4 b5
12.e5 Nf6h7
13.e6 Bd7xe6
14.Nf4xe6 fxe6
15.Be3xh6 Kf7
16.Qd2f4 Nh7f6
17.Bh6xg7 Kxg7
18.Rd1e1 b4
19.Re1xe6 Qa5c7
20.Nc3e4 Rh8f8
21.g5 Nf6d5
22.Re6xg6 Kxg6
23.Qf4xf8 { resign }
1-0